| 000 | 00617nam a22001695i 4500 | ||
|---|---|---|---|
| 001 | 172404 | ||
| 003 | ES-MaACL | ||
| 005 | 20230906214912.0 | ||
| 008 | 090701s1918 fr |||| | fre d | ||
| 100 | 1 |
_aBernard, Pierre-Joseph. _9138727 |
|
| 245 | 1 | 0 |
_aCastor et Pollux _b: tragédie en cinq actes / _cpoème de P. J. Bernard ; musique de Rameau. |
| 260 |
_aParis : _b[s.n.], _c1918 ( _fImp. de Vaugirard) |
||
| 300 |
_a68 p., [1] h. de lám. ; _c14 cm. |
||
| 500 | _aSolo la letra. | ||
| 700 | 1 |
_aRameau, Jean-Philippe. _9138726 |
|
| 852 |
_aES-MaACL _j2252-F-20 _9R.140914 _z.- Biblioteca Jacinto Martínez Lacalle |
||
| 999 |
_c172404 _d172404 |
||